Зональность рудных месторождений Сибири: сборник статей

Bibliografiske detaljer
Institution som forfatter: Сибирский научно-исследовательский институт геологии, геофизики и минерального сырья (СНИИГГиМС)
Andre forfattere: Амшинский Н. Н. (редактор)
Summary:Сборник посвящен рассмотрению явления вещественной зональнос­ти гранитоидных и габбро-диабазовых плутонов, рудных полей и отде­льных месторождений золота, полиметаллов, комплексных медно-висмут-кобальто-вольфрамовых, медно-молибденовых и молибденовых руд. Проб­лемы вещественной зональности продуктов эндогенных процессов давно волнуют геологов, и в свете этого содержание сборника будет интере­сным для геологов, занимающихся магматизмом и эндогенными руднмми месторождениями.
Sprog:russisk
Udgivet: Новосибирск, Изд-во СНИИГГиМС, 1981
Serier:Труды Сибирского научно-исследовательского института геологии, геофизики и минерального сырья (СНИИГГиМС) Вып. 289
Fag:
Format: MixedMaterials Bog
KOHA link:https://koha.lib.tpu.ru/cgi-bin/koha/opac-detail.pl?biblionumber=141116

MARC

LEADER 00000nam0a2200000 4500
001 141116
005 20231031142335.0
020 |a RU  |b 81-47783ж 
035 |a (RuTPU)RU\TPU\book\152948 
090 |a 141116 
100 |a 20080729d1981 k y0rusy5003 ca 
101 0 |a rus 
102 |a RU 
105 |a a z 001zy 
200 1 |a Зональность рудных месторождений Сибири  |e сборник статей  |f Сибирский научно-исследовательский институт геологии, геофизики и минерального сырья (СНИИГГиМС) ; под ред. Н. Н. Амшинского 
210 |a Новосибирск  |c Изд-во СНИИГГиМС  |d 1981 
215 |a 135 с.  |c ил.  |d 20 см. 
225 1 |a Труды Сибирского научно-исследовательского института геологии, геофизики и минерального сырья (СНИИГГиМС)  |v Вып. 289 
330 |a Сборник посвящен рассмотрению явления вещественной зональнос­ти гранитоидных и габбро-диабазовых плутонов, рудных полей и отде­льных месторождений золота, полиметаллов, комплексных медно-висмут-кобальто-вольфрамовых, медно-молибденовых и молибденовых руд. Проб­лемы вещественной зональности продуктов эндогенных процессов давно волнуют геологов, и в свете этого содержание сборника будет интере­сным для геологов, занимающихся магматизмом и эндогенными руднмми месторождениями. 
610 1 |a рудные месторождения 
610 1 |a эндогенные месторождения 
610 1 |a зональность 
610 1 |a Сибирь 
675 |a 553.3/.4  |z rus 
702 1 |a Амшинский  |b Н. Н.  |4 340 
712 0 2 |a Сибирский научно-исследовательский институт геологии, геофизики и минерального сырья (СНИИГГиМС)  |c (Новосибирск)  |2 stltpush  |3 (RuTPU)RU\TPU\col\322 
801 0 |a RU  |b RuMRKP  |c 19950704  |g psbo 
801 1 |a RU  |b 63413507  |c 20080729  |g PSBO 
801 2 |a RU  |b 63413507  |c 20130418  |g PSBO 
942 |c BK